00478nam a2200193 a 4500001001300000003000900013005001700022008004100039020000900080082001500089100002300104245001900127260003600146300000800182500003500190505001300225650002300238700002300261nice12345678IN_TiNIC20260116012953.0050524s0000 cana grp 000 0 eng  ac6900a232.4bWHY aWhyte, H A Maxwell aPower of Blood aCanadabH a Maxwell Whytec0000 a32p aincludes index and biblioraphy2 aAppendix aJesus Christ-Death1 aWhyte, H A Maxwell